Seminaire de programmation /
Guardado en:
| Otros Autores: | , |
|---|---|
| Formato: | Libro |
| Idioma: | French |
| Publicado: |
Grenoble :
[Université de Grenoble,
1967].
|
| Etiquetas: |
Agregar Etiqueta
Sin Etiquetas, Sea el primero en etiquetar este registro!
|
| LEADER | 00743nam a22001935a 4500 | ||
|---|---|---|---|
| 001 | MAT.inmabb005305 | ||
| 008 | 081010s1967####fr#######b####000#0#fre#d | ||
| 005 | 20170623153543.0 | ||
| 245 | 0 | 0 | |a Seminaire de programmation / |c animateurs: L. Bolliet & J. C. Boussard. |
| 260 | |a Grenoble : |b [Université de Grenoble, |c 1967]. | ||
| 300 | |a 350 p. ; |c 27 cm. | ||
| 500 | |a "Institut de mathématiques appliquées de Grenoble. Année 1966-67". | ||
| 500 | |a Sello: "Service polycopie, Mathématiques appliquées, Université de Grenoble". | ||
| 500 | |a Contiene 18 trabajos. | ||
| 504 | |a Incluye referencias bibliográficas. | ||
| 700 | 1 | |a Bolliet, L. | |
| 700 | 1 | |a Boussard, J. C. | |
| 084 | |a 68-06 (68Nxx) |2 msc2000 | ||
| 859 | |h 68 |i Se471 |p A-3346 |b BIB. MATEMATICA | ||
